Tilastot visalle Suurimmat germaaniset kielet

Klikkaa tästä pelataksesi tätä visaa!

Yleistilastot

  • Tätä visaa on pelattu 122 kertaa
  • Keskiarvotulos 6 / 10

Vastaustilastot

PuhujiaKieli% Oikein
100 mil.Saksa
98%
360-400 mil.Englanti
95%
9,2 mil.Ruotsi
92%
5 mil.Norja
89%
5,5 mil.Tanska
88%
23 mil.Hollanti
73%
7,1 mil.Afrikaans
21%
1.5 mil.Skotti
10%
6,7 mil.Alasaksa
7%
1.5 mil.Jiddiš
7%

Tulosjakauma

Persentiili vastausten määrän mukaan

Jokaisen tuloksen saaneiden osuus

Tuloshistoriasi

Et ole pelannut tätä visaa